Monopolio y derecho

-д хадгалсан:
Номзүйн дэлгэрэнгүй
Үндсэн зохиолч: Markert, Kurt (autor)
Бусад зохиолчид: Aimone Gibson, Enrique (autor), Gianelli Gil, Mario (autor)
Формат: Ном
Хэл сонгох:испани
Хэвлэсэн: Valparaíso EDEVAL 1988
Цуврал:Colección Temas, 13
Нөхцлүүд:
Шошгууд: Шошго нэмэх
Шошго байхгүй, Энэхүү баримтыг шошголох эхний хүн болох!

MARC

LEADER 00000nam a2200000 a 4500
001 UCV0961
003 CL-VaPUC
008 890809e19880000CL |||||||||||||||||spa|d
082 0 4 |a 343.072  |b MAR  |2 21 
100 |a Markert, Kurt  |e autor  |9 295269 
700 |a Aimone Gibson, Enrique  |e autor  |9 336 
700 |a Gianelli Gil, Mario  |e autor  |9 295270 
245 1 0 |a Monopolio y derecho 
246 1 3 |a El derecho chileno: datos generales 
300 |a 60 p 
942 |c BK 
945 |d 19890809 00:00:00 
260 |a Valparaíso  |b EDEVAL  |c 1988 
650 0 |a Monopolios  |9 255549 
583 |a last modification  |c 19890809 00:00:00  |k Rodrigo Vera 
490 0 |a Colección Temas, 13 
999 |c 209106  |d 209104 
952 |0 0  |1 0  |2 ddc  |4 0  |6 343_072000000000000_MAR_1988  |7 0  |8 A  |9 184285  |a BIBDER  |b BIBDER  |d 2019-11-14  |i 251463K  |o 343.072 MAR 1988  |p 251463K  |r 2023-01-25  |w 2019-11-14  |y MX  |k DER 
952 |0 0  |1 0  |2 ddc  |4 0  |6 343_072000000000000_MAR_1988  |7 0  |8 A  |9 184286  |a BIBDER  |b BIBDER  |d 2019-11-14  |i 3131912  |o 343.072 MAR 1988  |p 3131912  |r 2023-01-25  |w 2019-11-14  |y MX  |k DER 
952 |0 0  |1 0  |4 0  |6 343_072000000000000_MAR_1988  |7 0  |8 A  |9 184287  |a BIBENE  |b BIBENE  |d 2019-11-14  |i 2514656  |l 1  |o 343.072 MAR 1988  |p 2514656  |r 2025-01-15  |s 2023-03-22  |w 2019-11-14  |y BK  |k ICO